[Event "Albena BUL, Team Ch 2011 GrB Men"]
[Site "Albena BUL"]
[Date "2011.06.03"]
[Round "2.2"]
[White "Bonev, Todor"]
[Black "Stoynov, Yordan"]
[Result "0-1"]
[WhiteElo "2317"]
[BlackElo "2240"]
[PlyCount "68"]
[EventDate "2011.06.02"]
[EventType "team"]
[EventRounds "9"]
[EventCountry "BUL"]

1. e4 c5 2. Nf3 Nc6 3. d4 cxd4 4. Nxd4 e5 5. Nb5 a6 6. N5c3 Nf6 7. Bg5 Be7 8.
Bc4 b5 9. Bxf6 Bxf6 10. Bb3 O-O 11. Nd5 b4 12. O-O Rb8 13. Qd3 Na5 14. Nd2 Bg5
15. Nf3 d6 16. Rfd1 g6 17. h3 h5 18. a3 bxa3 19. Rxa3 Bh6 20. Rxa5 Rxb3 21.
Qxb3 Qxa5 22. Ne7+ Kg7 23. Rxd6 Qa1+ 24. Kh2 Qf1 25. Qb6 Bf4+ 26. g3 Bxg3+ 27.
fxg3 Qxh3+ 28. Kg1 Qxg3+ 29. Kf1 Qxf3+ 30. Kg1 Qg3+ 31. Kf1 Qf4+ 32. Qf2 Bh3+
33. Ke1 Qxe4+ 34. Kd2 Qb4+ 0-1

[Event "Albena BUL, Team Ch 2011 GrB Men"]
[Site "Albena BUL"]
[Date "2011.06.03"]
[Round "2.2"]
[White "Ivanov, Borislav"]
[Black "Kamenov, Gerasim"]
[Result "1-0"]
[WhiteElo "2225"]
[BlackElo "2124"]
[PlyCount "66"]
[EventDate "2011.06.02"]
[EventType "team"]
[EventRounds "9"]
[EventCountry "BUL"]

1. d4 Nf6 2. c4 e6 3. g3 d5 4. Nf3 b6 5. Bg2 Bb7 6. Ne5 Be7 7. O-O O-O 8. Nc3
Nbd7 9. Qa4 Nxe5 10. dxe5 Ne4 11. Nxe4 dxe4 12. Rd1 Qc8 13. Qc2 e3 14. Bxe3
Bxg2 15. Kxg2 Qb7+ 16. Kg1 Rad8 17. Qc3 a5 18. c5 bxc5 19. Qxa5 Qxb2 20. Qxc7
Rde8 21. Kf1 h6 22. Bxc5 Bxc5 23. Qxc5 Rc8 24. Qd4 Qb7 25. f3 Rc7 26. Rd2 Rfc8
27. a4 Qa6 28. a5 Rc6 29. Qd3 Qa7 30. Qd4 Rc5 31. Rc2 Qe7 32. Rxc5 Qxc5 33.
Qxc5 Rxc5 1-0

[Event "Albena BUL, Team Ch 2011 GrB Men"]
[Site "Albena BUL"]
[Date "2011.06.03"]
[Round "2.2"]
[White "Krastanov, Georgi"]
[Black "Vlashki, Nino"]
[Result "1/2-1/2"]
[WhiteElo "2131"]
[BlackElo "2243"]
[PlyCount "100"]
[EventDate "2011.06.02"]
[EventType "team"]
[EventRounds "9"]
[EventCountry "BUL"]

1. Nf3 g6 2. c4 Nf6 3. g3 Bg7 4. Bg2 O-O 5. Nc3 d6 6. O-O Nc6 7. d4 a6 8. h3
Rb8 9. d5 Na5 10. Nd2 c5 11. Qc2 b5 12. e4 bxc4 13. Nd1 Bd7 14. Ne3 Rb4 15. e5
Ne8 16. a3 Ra4 17. Ndxc4 Nxc4 18. Nxc4 Rxc4 19. Qxc4 Bb5 20. Qc2 Bxf1 21. Bxf1
Bxe5 22. Bxa6 Qb6 23. Bc4 Nc7 24. a4 Qb7 25. Qb3 Qxb3 26. Bxb3 Rb8 27. Bc4 Rb4
28. Bf1 Bxb2 29. Bxb2 Rxb2 30. a5 Nb5 31. Bxb5 Rxb5 32. a6 Rb8 33. Kg2 Kf8 34.
a7 Ra8 35. Kf3 Ke8 36. Kf4 h6 37. h4 Kd7 38. g4 Kc7 39. h5 gxh5 40. gxh5 Kb6
41. Rg1 Rxa7 42. Rg7 Ra4+ 43. Kg3 Rd4 44. Rxf7 Rxd5 45. Kg4 Rg5+ 46. Kh4 Re5
47. Rh7 Re6 48. f4 c4 49. f5 Re4+ 50. Kg3 c3 1/2-1/2

[Event "Albena BUL, Team Ch 2011 GrB Men"]
[Site "Albena BUL"]
[Date "2011.06.03"]
[Round "2.2"]
[White "Pantev, Veselin"]
[Black "Todorov, Momchil"]
[Result "1/2-1/2"]
[WhiteElo "2381"]
[BlackElo "2212"]
[PlyCount "52"]
[EventDate "2011.06.02"]
[EventType "team"]
[EventRounds "9"]
[EventCountry "BUL"]

1. d4 Nf6 2. Nf3 g6 3. Bf4 Bg7 4. e3 d6 5. h3 O-O 6. Be2 Nbd7 7. c4 Ne4 8. Qc2
f5 9. O-O e5 10. Bh2 Qe7 11. dxe5 dxe5 12. Nbd2 Nxd2 13. Qxd2 Kh8 14. Rad1 Nc5
15. Qb4 b6 16. Rd2 Bb7 17. Rfd1 Rfe8 18. Qa3 a5 19. Ne1 Qe6 20. b3 Ne4 21. Rd3
Nc5 22. R3d2 Ne4 23. Rd3 Nc5 24. R3d2 Ne4 25. Rd3 Nc5 26. R3d2 Ne4 1/2-1/2

[Event "Albena BUL, Team Ch 2011 GrB Men"]
[Site "Albena BUL"]
[Date "2011.06.03"]
[Round "2.2"]
[White "Stoynov, Ivan"]
[Black "Vutov, Mario"]
[Result "1/2-1/2"]
[WhiteElo "2304"]
[BlackElo "2342"]
[PlyCount "107"]
[EventDate "2011.06.02"]
[EventType "team"]
[EventRounds "9"]
[EventCountry "BUL"]

1. e4 c5 2. Nf3 d6 3. d4 Nf6 4. Nc3 cxd4 5. Nxd4 a6 6. g3 e5 7. Nde2 Nbd7 8.
Bg2 b5 9. h3 Bb7 10. g4 Nc5 11. Ng3 g6 12. O-O Ne6 13. Nd5 Bg7 14. c3 O-O 15.
Ne2 Re8 16. Be3 Nc5 17. Ng3 Bxd5 18. exd5 Nfd7 19. Re1 Rc8 20. Qd2 Nb6 21. b3
Nbd7 22. Rac1 a5 23. Bf1 Rb8 24. b4 Na4 25. Bd3 Qc7 26. c4 bxc4 27. Rxc4 Qb7
28. Qc2 Nab6 29. Rc7 Qxd5 30. Be4 Qb5 31. bxa5 Qxa5 32. Bd2 Qa3 33. Re3 Qa6 34.
Rec3 Nc5 35. Rc6 Bf8 36. Bd5 Qa7 37. R3xc5 dxc5 38. Rxg6+ Kh8 39. Rxb6 Qxb6 40.
Bb3 Red8 41. Be3 Qf6 42. Qe4 Rb4 43. g5 Rxe4 44. gxf6 Rxe3 45. fxe3 Rc8 46. Bc4
Rb8 47. Bxf7 Rb4 48. Kf2 c4 49. Ke2 Rb6 50. Bxc4 Rxf6 51. Kd2 Bc5 52. e4 Kg7
53. a4 Bb6 54. h4 1/2-1/2

[Event "Albena BUL, Team Ch 2011 GrB Men"]
[Site "Albena BUL"]
[Date "2011.06.03"]
[Round "2.3"]
[White "Mladenov, Emil"]
[Black "Yotov, Yoto"]
[Result "0-1"]
[WhiteElo "2157"]
[BlackElo "2026"]
[PlyCount "94"]
[EventDate "2011.06.02"]
[EventType "team"]
[EventRounds "9"]
[EventCountry "BUL"]

1. e4 c6 2. g3 d5 3. Nc3 dxe4 4. Nxe4 Nd7 5. Bg2 Ngf6 6. Nxf6+ Nxf6 7. d4 g6 8.
Ne2 Bg7 9. h3 O-O 10. O-O Bd7 11. c3 Nd5 12. Qb3 Qc8 13. Kh2 Be6 14. Qa3 Re8
15. b3 b5 16. Qc5 Bd7 17. c4 bxc4 18. bxc4 Nb6 19. Bf4 Qa6 20. Rfc1 Rac8 21.
Be4 Be6 22. Bd3 Nd7 23. Qg5 Bf6 24. Qh6 Bg7 25. Qh4 Nb6 26. Bh6 Bxc4 27. Bxc4
Nxc4 28. Bxg7 Kxg7 29. Qe4 Nd6 30. Qe5+ Kg8 31. h4 Qd3 32. Rc3 Qe4 33. Rac1
Qxe5 34. dxe5 Ne4 35. Rxc6 Rxc6 36. Rxc6 Nxf2 37. Kg2 Nd3 38. Ra6 Nxe5 39. Rxa7
e6 40. h5 Kg7 41. hxg6 hxg6 42. Kf2 Rd8 43. Ke3 Kf6 44. Nd4 Rxd4 45. Rxf7+ Nxf7
46. Kxd4 Ke7 47. Kc5 Kd7 0-1

[Event "Albena BUL, Team Ch 2011 GrB Men"]
[Site "Albena BUL"]
[Date "2011.06.03"]
[Round "2.3"]
[White "Petrov, Valeri"]
[Black "Vasilev, Vergil"]
[Result "1-0"]
[WhiteElo "1996"]
[BlackElo "2005"]
[PlyCount "89"]
[EventDate "2011.06.02"]
[EventType "team"]
[EventRounds "9"]
[EventCountry "BUL"]

1. e4 d5 2. exd5 Qxd5 3. Nc3 Qa5 4. d4 Nf6 5. Bd2 Qb6 6. Nf3 Bf5 7. Bc4 e6 8.
O-O Be7 9. Bb3 c6 10. Ne2 Nbd7 11. Ng3 Bg6 12. Qe1 Qc7 13. Qe2 O-O 14. Nh4 Rfe8
15. Nxg6 hxg6 16. c4 e5 17. d5 Nc5 18. dxc6 bxc6 19. Bc2 Ne6 20. Ba4 Nd4 21.
Qe1 a5 22. Bc3 Reb8 23. Rd1 Bb4 24. a3 Bxc3 25. Qxc3 Nh5 26. Rfe1 Nf4 27. Rd2
c5 28. Qe3 f6 29. Qe4 Ra6 30. Bd1 Rab6 31. Nf1 Rxb2 32. Rxb2 Rxb2 33. Ne3 Qb7
34. Nd5 Nxd5 35. cxd5 Qf7 36. h3 Rb6 37. f4 exf4 38. d6 Rxd6 39. Qa8+ Kh7 40.
Re8 g5 41. Rh8+ Kg6 42. Bh5+ Kf5 43. Bxf7 Ne2+ 44. Kf2 Ng3 45. Qc8+ 1-0

[Event "Albena BUL, Team Ch 2011 GrB Men"]
[Site "Albena BUL"]
[Date "2011.06.03"]
[Round "2.4"]
[White "Genov, Petko"]
[Black "Kirjakov, Toma"]
[Result "1/2-1/2"]
[WhiteElo "2321"]
[BlackElo "2182"]
[PlyCount "64"]
[EventDate "2011.06.02"]
[EventType "team"]
[EventRounds "9"]
[EventCountry "BUL"]

1. d4 Nf6 2. c4 e6 3. Nf3 Bb4+ 4. Bd2 c5 5. g3 O-O 6. Bg2 Bxd2+ 7. Qxd2 d6 8.
Nc3 Nc6 9. O-O Qe7 10. Rad1 Rd8 11. e3 b6 12. Nh4 Bb7 13. d5 Ne5 14. Qe2 exd5
15. Nxd5 Nxd5 16. Bxd5 Bxd5 17. Rxd5 g6 18. Rfd1 a6 19. Nf3 Nc6 20. a3 Na5 21.
b4 cxb4 22. axb4 Nb7 23. Nd4 Qc7 24. b5 Na5 25. Rc1 axb5 26. Nxb5 Qc6 27. Qd3
Nb7 28. Rd1 Ra4 29. Nxd6 Nxd6 30. Rxd6 Rxd6 31. Qxd6 Qxd6 32. Rxd6 Rxc4 1/2-1/2

[Event "Albena BUL, Team Ch 2011 GrB Men"]
[Site "Albena BUL"]
[Date "2011.06.03"]
[Round "2.4"]
[White "Kostov, Galin"]
[Black "Tashkov, Rumen"]
[Result "1-0"]
[WhiteElo "2190"]
[BlackElo "2248"]
[PlyCount "95"]
[EventDate "2011.06.02"]
[EventType "team"]
[EventRounds "9"]
[EventCountry "BUL"]

1. d4 d6 2. c4 e5 3. Nf3 e4 4. Nfd2 f5 5. e3 Nf6 6. Nc3 c5 7. Nb3 Nc6 8. Be2
Be7 9. O-O O-O 10. f4 cxd4 11. Nxd4 Qb6 12. Na4 Qc7 13. b3 Nxd4 14. Qxd4 Be6
15. Bb2 Ne8 16. Rac1 Bf6 17. Qd2 Bxb2 18. Qxb2 Qe7 19. Nc3 Nc7 20. Rfd1 Rad8
21. Qa3 a6 22. Qb4 Ne8 23. Rd2 Rd7 24. Rcd1 g5 25. c5 gxf4 26. exf4 Qh4 27. g3
Rg7 28. Bc4 Bxc4 29. Qxc4+ Kh8 30. Qd4 Nf6 31. Rg2 Qh5 32. cxd6 Rd7 33. Rdd2
Kg7 34. g4 fxg4 35. Nxe4 Qh4 36. Rg3 Kg8 37. Qc4+ Kh8 38. Nc5 Rdf7 39. d7 Nh5
40. Qc3+ Kg8 41. Ne6 Nxf4 42. Nxf8 Nh3+ 43. Kg2 Nf4+ 44. Kf1 Nd5+ 45. Kg2 Nf4+
46. Kh1 Re7 47. Qc4+ Kh8 48. Qxf4 1-0

[Event "Albena BUL, Team Ch 2011 GrB Men"]
[Site "Albena BUL"]
[Date "2011.06.03"]
[Round "2.4"]
[White "Simeonov, Svetoslav"]
[Black "Gochev, Plamen"]
[Result "0-1"]
[WhiteElo "1841"]
[BlackElo "1995"]
[PlyCount "112"]
[EventDate "2011.06.02"]
[EventType "team"]
[EventRounds "9"]
[EventCountry "BUL"]

1. c4 Nf6 2. Nc3 e6 3. d4 d5 4. e3 Be7 5. Nf3 O-O 6. b3 b6 7. Bd3 Bb7 8. cxd5
Bb4 9. Bd2 Nxd5 10. Nxd5 Bxd2+ 11. Nxd2 Bxd5 12. O-O Nd7 13. Rc1 c5 14. Nf3
Bxf3 15. Qxf3 cxd4 16. exd4 Nf6 17. Rfd1 Qe7 18. Ba6 Rad8 19. Qf4 Qa3 20. Bc4
Qxa2 21. g4 Qa3 22. g5 Nd5 23. Qe4 Qd6 24. h4 Ne7 25. f4 g6 26. h5 gxh5 27. Rc3
Ng6 28. Rf3 Qe7 29. Rd2 Rd7 30. Re2 Qd6 31. Rd2 Re7 32. Rh2 Rd8 33. Rxh5 Qxd4+
34. Qxd4 Rxd4 35. f5 exf5 36. Rxf5 Kg7 37. Rf6 Rg4+ 38. Kf2 Rxg5 39. Rxg5 Kxf6
40. Rh5 Kg7 41. Bd3 Rd7 42. Bb5 Re7 43. Bd3 h6 44. Rf5 Re5 45. Rf3 h5 46. Bc4
Re7 47. Rf5 h4 48. Rh5 Re5 49. Rxe5 Nxe5 50. Bd5 Kf6 51. Kg2 Ke7 52. Kh3 Kd6
53. Be4 Kc5 54. Kxh4 Kb4 55. Bd5 f6 56. Kg3 Nd3 0-1

[Event "Albena BUL, Team Ch 2011 GrB Men"]
[Site "Albena BUL"]
[Date "2011.06.03"]
[Round "2.4"]
[White "Stefanov, Plamen"]
[Black "Ribarov, Plamen"]
[Result "1-0"]
[WhiteElo "2220"]
[BlackElo "2068"]
[PlyCount "65"]
[EventDate "2011.06.02"]
[EventType "team"]
[EventRounds "9"]
[EventCountry "BUL"]

1. e4 c6 2. d4 d5 3. Nc3 g6 4. h3 Bg7 5. Nf3 h5 6. Be3 e6 7. Bd3 b6 8. Qe2 a5
9. O-O Ba6 10. Bxa6 Nxa6 11. exd5 cxd5 12. Qb5+ Qd7 13. Qxb6 Ne7 14. Qxa5 O-O
15. Qb5 Nc6 16. Qe2 Rfb8 17. b3 Rc8 18. Nb5 Nab4 19. c3 Na6 20. a4 Na5 21. Rfb1
Nc7 22. c4 Nxb5 23. axb5 Qc7 24. c5 Nb7 25. b4 Nd8 26. Ra6 Qd7 27. Rba1 Rxa6
28. Rxa6 Rb8 29. b6 Nc6 30. b5 Nd8 31. Ra7 Qe8 32. Bf4 Rb7 33. Ra8 1-0

[Event "Albena BUL, Team Ch 2011 GrB Men"]
[Site "Albena BUL"]
[Date "2011.06.03"]
[Round "2.4"]
[White "Todorov, Todor Spirov"]
[Black "Bochev, Krasimir"]
[Result "1/2-1/2"]
[WhiteElo "2175"]
[BlackElo "2123"]
[PlyCount "68"]
[EventDate "2011.06.02"]
[EventType "team"]
[EventRounds "9"]
[EventCountry "BUL"]

1. d4 Nf6 2. Nf3 g6 3. Bf4 Bg7 4. h3 O-O 5. e3 c5 6. c3 d6 7. Bc4 Nc6 8. O-O
Qb6 9. Qc1 Bf5 10. Nbd2 Rac8 11. Rd1 cxd4 12. exd4 d5 13. Bf1 Ne4 14. Nb3 a5
15. Be3 Nd6 16. Bh6 Ne4 17. Bxg7 Kxg7 18. Nh4 Bd7 19. f3 Nd6 20. Nc5 Qd8 21.
Qg5 e6 22. Qg3 Qc7 23. f4 b6 24. Nd3 Ne4 25. Qe3 Ne7 26. Ne5 f6 27. Nd3 Qd6 28.
Nf2 Nf5 29. Nxe4 dxe4 30. Nxf5+ gxf5 31. c4 Rfd8 32. Rac1 Ba4 33. Rd2 Kh8 34.
b3 Bc6 1/2-1/2

[Event "Albena BUL, Team Ch 2011 GrB Men"]
[Site "Albena BUL"]
[Date "2011.06.03"]
[Round "2.5"]
[White "Avramov, Anton"]
[Black "Hristov, Atanas"]
[Result "1-0"]
[WhiteElo "2193"]
[BlackElo "2231"]
[PlyCount "91"]
[EventDate "2011.06.02"]
[EventType "team"]
[EventRounds "9"]
[EventCountry "BUL"]

1. d4 d5 2. c4 e6 3. g3 Nf6 4. Bg2 b6 5. cxd5 exd5 6. Nc3 c6 7. Nf3 Bd6 8. Ne5
O-O 9. O-O Bb7 10. e4 dxe4 11. Nxe4 Nxe4 12. Bxe4 Qc7 13. Re1 Nd7 14. Nc4 Bb4
15. Bf4 Qd8 16. Bd2 Bxd2 17. Qxd2 Nf6 18. Bg2 Rc8 19. Qf4 Nd5 20. Qd6 Ba6 21.
Bxd5 cxd5 22. Qxd8 Rfxd8 23. Ne3 g6 24. Rec1 Bb7 25. f3 f6 26. Kf2 Kf7 27. Ke2
h5 28. Kd2 Rxc1 29. Rxc1 Rd7 30. h4 Ke6 31. Ng2 g5 32. Re1+ Kf5 33. Re8 Kg6 34.
f4 gxf4 35. Nxf4+ Kf5 36. Nxh5 Bc6 37. g4+ Kg6 38. Re6 Bb5 39. Rxf6+ Kh7 40. g5
Re7 41. Rh6+ Kg8 42. Nf6+ Kg7 43. Rh7+ Kf8 44. Rxe7 Kxe7 45. Nxd5+ Kf8 46. Nf4
1-0

[Event "Albena BUL, Team Ch 2011 GrB Men"]
[Site "Albena BUL"]
[Date "2011.06.03"]
[Round "2.5"]
[White "Dimitrov, Atanas"]
[Black "Ivelinov, Hristo"]
[Result "0-1"]
[WhiteElo "2352"]
[BlackElo "2236"]
[PlyCount "72"]
[EventDate "2011.06.02"]
[EventType "team"]
[EventRounds "9"]
[EventCountry "BUL"]

1. Nf3 d5 2. d4 Nf6 3. c4 c6 4. Nc3 dxc4 5. a4 Bg4 6. Ne5 Bh5 7. Nxc4 Na6 8. g3
Nb4 9. Bg2 Qxd4 10. Qb3 Nc2+ 11. Qxc2 Qxc4 12. b3 Qa6 13. O-O e6 14. e4 Be7 15.
h3 e5 16. f4 exf4 17. gxf4 Rd8 18. e5 Nd5 19. Nxd5 cxd5 20. Bb2 O-O 21. f5 Qe2
22. Rac1 Bg5 23. Bd4 Bxc1 24. Qxc1 h6 25. Qf4 Qd3 26. e6 fxe6 27. Qe5 Rf6 28.
fxe6 Rxf1+ 29. Bxf1 Qg6+ 30. Kh2 Qg5 31. Qxg5 hxg5 32. Bxa7 Be8 33. Be3 Rd6 34.
Bxg5 Rxe6 35. Bg2 Bf7 36. Kg3 Rb6 0-1

[Event "Albena BUL, Team Ch 2011 GrB Men"]
[Site "Albena BUL"]
[Date "2011.06.03"]
[Round "2.5"]
[White "Glavchev, Stanislav"]
[Black "Dobrev, Nayden"]
[Result "1-0"]
[WhiteElo "2131"]
[BlackElo "2235"]
[PlyCount "115"]
[EventDate "2011.06.02"]
[EventType "team"]
[EventRounds "9"]
[EventCountry "BUL"]

1. e4 c5 2. Nf3 e6 3. Nc3 a6 4. a4 Qc7 5. g3 Nc6 6. Bg2 Nf6 7. O-O Be7 8. d3
O-O 9. Re1 d6 10. Bf4 Ne5 11. a5 Bd7 12. Qe2 Bc6 13. h3 Nxf3+ 14. Bxf3 Nd7 15.
Bg2 Bf6 16. Bd2 Bd4 17. Nd1 Bb5 18. c3 Bf6 19. f4 c4 20. d4 e5 21. Qf2 Bc6 22.
fxe5 dxe5 23. d5 Bb5 24. Ne3 Be7 25. Nf5 Bc5 26. Be3 g6 27. Bxc5 Qxc5 28. Ne3
f6 29. Kh2 Rad8 30. Qf3 Qc7 31. Bf1 Nc5 32. Red1 Nb3 33. Ra3 Rd6 34. h4 Nxa5
35. Bh3 b6 36. Be6+ Kg7 37. Kg2 Bd7 38. Bxd7 Qxd7 39. Rxa5 bxa5 40. Nxc4 Rb8
41. Rd2 Rc8 42. Nxd6 Qxd6 43. Qe3 a4 44. Qa7+ Rc7 45. Qe3 h5 46. Qd3 Rb7 47.
Qc4 a3 48. bxa3 Qxa3 49. d6 Qc1 50. Qe2 Rb1 51. Kf3 g5 52. hxg5 fxg5 53. Ke3
Qxc3+ 54. Qd3 Qc5+ 55. Ke2 Ra1 56. Qd5 Qc3 57. d7 Qxg3 58. Qg8+ 1-0

[Event "Albena BUL, Team Ch 2011 GrB Men"]
[Site "Albena BUL"]
[Date "2011.06.03"]
[Round "2.5"]
[White "Janachkov, Angel"]
[Black "Rusev, Jeliazko"]
[Result "1/2-1/2"]
[WhiteElo "2223"]
[BlackElo "2273"]
[PlyCount "73"]
[EventDate "2011.06.02"]
[EventType "team"]
[EventRounds "9"]
[EventCountry "BUL"]

1. g3 d5 2. Bg2 c6 3. Nf3 Bg4 4. O-O Nd7 5. d3 Ngf6 6. b3 e6 7. Bb2 Bc5 8. Nbd2
O-O 9. h3 Bh5 10. Qe1 Qc7 11. Kh2 Rfd8 12. e4 Bb4 13. a3 Bxf3 14. Bxf3 dxe4 15.
dxe4 Bd6 16. Bg2 Be5 17. Bxe5 Qxe5 18. Nc4 Qh5 19. Qd1 Qg5 20. Qe2 Nb6 21. Ne3
Qe5 22. a4 a5 23. Rad1 Qc3 24. Rxd8+ Rxd8 25. Rd1 Rd4 26. e5 Nfd7 27. f4 Nc5
28. Rxd4 Qxd4 29. Qd1 Qxd1 30. Nxd1 Nd5 31. Kg1 Na6 32. Kf2 Nab4 33. Be4 f5 34.
exf6 Nxf6 35. Bd3 Kf7 36. Ke3 Nxd3 37. Kxd3 1/2-1/2

[Event "Albena BUL, Team Ch 2011 GrB Men"]
[Site "Albena BUL"]
[Date "2011.06.03"]
[Round "2.5"]
[White "Shivacheva, Donika"]
[Black "Tonchev, Miroslav"]
[Result "0-1"]
[WhiteElo "1681"]
[BlackElo "2274"]
[PlyCount "66"]
[EventDate "2011.06.02"]
[EventType "team"]
[EventRounds "9"]
[EventCountry "BUL"]

1. e4 c5 2. Nc3 Nc6 3. g3 g6 4. Bg2 h5 5. d3 Bg7 6. Be3 d6 7. h3 Bd7 8. Qd2 Rb8
9. f4 Nd4 10. Nf3 b5 11. O-O Nxf3+ 12. Rxf3 Qc8 13. Kh2 Nf6 14. Bg1 b4 15. Nd1
Ng4+ 16. Kh1 h4 17. Nf2 Nxf2+ 18. Qxf2 Bg4 19. Re3 Bxb2 20. Rf1 Bxh3 21. Bh2
Bd4 22. Rg1 Bxg2+ 23. Rxg2 Qh3 24. e5 hxg3 25. Rgxg3 Qxh2+ 26. Qxh2 Rxh2+ 27.
Kxh2 Bxe3 28. Rxe3 Kd7 29. Kg2 Rb6 30. exd6 Kxd6 31. Rh3 Ra6 32. Kf3 Rxa2 33.
Rh1 a5 0-1

[Event "Albena BUL, Team Ch 2011 GrB Men"]
[Site "Albena BUL"]
[Date "2011.06.03"]
[Round "2.5"]
[White "Vasilev, Vasil Aleksandrov"]
[Black "Galunov, Todor"]
[Result "1-0"]
[WhiteElo "2337"]
[BlackElo "2330"]
[PlyCount "71"]
[EventDate "2011.06.02"]
[EventType "team"]
[EventRounds "9"]
[EventCountry "BUL"]

1. Nf3 Nf6 2. d4 g6 3. g3 Bg7 4. Bg2 O-O 5. O-O d6 6. c4 Nc6 7. Nc3 a6 8. Qd3
Bf5 9. e4 Bg4 10. Be3 Qc8 11. Rfe1 Bxf3 12. Bxf3 Ng4 13. Bxg4 Qxg4 14. Rad1 Qh3
15. f4 e5 16. dxe5 dxe5 17. f5 Nd4 18. Bxd4 exd4 19. Nd5 Be5 20. Qf3 Rad8 21.
Nb4 c6 22. Nd3 Bc7 23. Nf2 Qh6 24. Ng4 Qg5 25. h4 Qe7 26. e5 d3 27. Qe3 f6 28.
e6 Rfe8 29. Kg2 Ba5 30. Rf1 gxf5 31. Rxf5 Qxe6 32. Nxf6+ Kh8 33. Nxe8 Qxf5 34.
Rf1 Qxf1+ 35. Kxf1 Bc7 36. Qe7 1-0

[Event "Albena BUL, Team Ch 2011 GrB Men"]
[Site "Albena BUL"]
[Date "2011.06.03"]
[Round "3.1"]
[White "Galunov, Todor"]
[Black "Karakehajov, Kalin"]
[Result "1-0"]
[WhiteElo "2330"]
[BlackElo "2493"]
[PlyCount "99"]
[EventDate "2011.06.02"]
[EventType "team"]
[EventRounds "9"]
[EventCountry "BUL"]

1. Nf3 d5 2. g3 Nf6 3. Bg2 c6 4. O-O Nbd7 5. d4 e6 6. Nbd2 Be7 7. c4 O-O 8. Qc2
b6 9. e4 Bb7 10. b3 Rc8 11. Bb2 Qc7 12. Rfe1 Rfd8 13. Rad1 Qb8 14. h4 h6 15. a3
Qa8 16. e5 Ne8 17. cxd5 cxd5 18. Qd3 Nc7 19. Rc1 Ba6 20. Qe3 Nb5 21. Bf1 Nb8
22. Nb1 Nc7 23. Bh3 Nc6 24. g4 Na5 25. g5 h5 26. g6 fxg6 27. Kh2 Kh7 28. Rg1
Rf8 29. Rg3 Bb5 30. Rcg1 Be8 31. Bf1 Rf5 32. Bd3 Qb7 33. a4 Nc6 34. Ba3 Nb4 35.
Bxf5 exf5 36. Bxb4 Bxb4 37. Ng5+ Kg8 38. Nc3 Be7 39. Ne2 b5 40. Nf4 bxa4 41.
bxa4 Na6 42. Nf3 Bf8 43. Nxg6 Bxg6 44. Rxg6 Rc2 45. e6 Qc7+ 46. Ne5 Nb4 47. Qf3
Nc6 48. Qxf5 Nxe5 49. dxe5 Qe7 50. Qxc2 1-0

[Event "Albena BUL, Team Ch 2011 GrB Men"]
[Site "Albena BUL"]
[Date "2011.06.03"]
[Round "3.2"]
[White "Bochev, Krasimir"]
[Black "Glavchev, Stanislav"]
[Result "1-0"]
[WhiteElo "2123"]
[BlackElo "2131"]
[PlyCount "103"]
[EventDate "2011.06.02"]
[EventType "team"]
[EventRounds "9"]
[EventCountry "BUL"]

1. Nf3 Nc6 2. d4 d5 3. g3 Bf5 4. Bg2 e6 5. O-O Nb4 6. Na3 c6 7. c3 Na6 8. Nc2
Nf6 9. Nce1 h6 10. Nd3 Be7 11. Nfe5 O-O 12. Qb3 Qb6 13. Be3 Rfd8 14. c4 dxc4
15. Qxc4 Nd5 16. Bd2 Bxd3 17. Qxd3 Nab4 18. Qc4 Nf6 19. e3 Nd7 20. Nf3 Nf6 21.
a3 Nbd5 22. Qc2 a5 23. h3 Qb5 24. Rfd1 Nb6 25. Ne5 Nfd7 26. Bf1 Qd5 27. Bg2 Qd6
28. Nf3 c5 29. Bc3 Nd5 30. Be1 cxd4 31. Nxd4 Qc5 32. Qe2 Rac8 33. Rac1 Qxc1 34.
Rxc1 Rxc1 35. Kh2 a4 36. Bxd5 exd5 37. Bc3 Bf6 38. Qb5 Nf8 39. Ne2 Rb1 40. Bxf6
gxf6 41. Nc3 Rc1 42. Nxd5 Ne6 43. Nxf6+ Kg7 44. Ne4 Rdd1 45. h4 Rc7 46. Qe5+
Kf8 47. Qh8+ Ke7 48. Qf6+ Ke8 49. Qxh6 Rdc1 50. Nf6+ Kd8 51. Qh8+ Ke7 52. Nd5+
1-0

[Event "Albena BUL, Team Ch 2011 GrB Men"]
[Site "Albena BUL"]
[Date "2011.06.03"]
[Round "3.2"]
[White "Hristov, Atanas"]
[Black "Kamenov, Valentin"]
[Result "1-0"]
[WhiteElo "2231"]
[BlackElo "1813"]
[PlyCount "55"]
[EventDate "2011.06.02"]
[EventType "team"]
[EventRounds "9"]
[EventCountry "BUL"]

1. d4 Nf6 2. Nf3 g6 3. Bf4 Bg7 4. Nbd2 d5 5. e3 Bg4 6. Bd3 O-O 7. c3 c6 8. Qc2
Bxf3 9. Nxf3 Nbd7 10. h4 Ng4 11. h5 e5 12. hxg6 exf4 13. gxf7+ Rxf7 14. Bxh7+
Kf8 15. Bf5 Nh6 16. Be6 Rf6 17. Ng5 Ke7 18. Bh3 fxe3 19. O-O exf2+ 20. Rxf2 Kd6
21. Re2 Nf7 22. Ne6 Rxe6 23. Rxe6+ Kc7 24. Qg6 Ng5 25. Qxg7 Nxe6 26. Bxe6 Kd6
27. Bxd7 Qxd7 28. Qe5# 1-0

[Event "Albena BUL, Team Ch 2011 GrB Men"]
[Site "Albena BUL"]
[Date "2011.06.03"]
[Round "3.2"]
[White "Ivelinov, Hristo"]
[Black "Genov, Petko"]
[Result "1/2-1/2"]
[WhiteElo "2236"]
[BlackElo "2321"]
[PlyCount "98"]
[EventDate "2011.06.02"]
[EventType "team"]
[EventRounds "9"]
[EventCountry "BUL"]

1. d4 Nf6 2. c4 g6 3. Nc3 d5 4. Bg5 Ne4 5. Bh4 Nxc3 6. bxc3 c5 7. cxd5 Qxd5 8.
e3 Bg7 9. Qf3 Qd6 10. Bb5+ Nd7 11. Ne2 O-O 12. O-O a6 13. Ba4 Nf6 14. h3 cxd4
15. cxd4 Qb4 16. Bb3 Bf5 17. Ng3 Bd3 18. Rfd1 Qb5 19. e4 Bc4 20. Rab1 Bxb3 21.
Rxb3 Qd7 22. d5 Rfd8 23. d6 Qe6 24. Rxb7 Rxd6 25. Rxd6 exd6 26. Qb3 Qxb3 27.
axb3 Re8 28. f3 h6 29. Nf1 g5 30. Bf2 d5 31. exd5 Nxd5 32. Rd7 Nf4 33. Ne3 Rb8
34. Nf5 Rxb3 35. Nxg7 Kxg7 36. Bd4+ Kg8 37. Rd8+ Kh7 38. Kf2 Ne6 39. Rh8+ Kg6
40. Rg8+ Kf5 41. Ba7 Rb2+ 42. Kf1 a5 43. Ra8 Rb1+ 44. Kf2 Nf4 45. Bd4 Rb5 46.
Ra6 Ne6 47. Bc3 Rc5 48. Rxa5 Rxa5 49. Bxa5 Kg6 1/2-1/2

[Event "Albena BUL, Team Ch 2011 GrB Men"]
[Site "Albena BUL"]
[Date "2011.06.03"]
[Round "3.2"]
[White "Rusev, Jeliazko"]
[Black "Stefanov, Plamen"]
[Result "1-0"]
[WhiteElo "2273"]
[BlackElo "2220"]
[PlyCount "81"]
[EventDate "2011.06.02"]
[EventType "team"]
[EventRounds "9"]
[EventCountry "BUL"]

1. d4 d5 2. Nf3 Nf6 3. e3 e6 4. b3 Be7 5. Bb2 O-O 6. Nbd2 a5 7. a3 b6 8. Bd3
Bb7 9. O-O Ne4 10. c4 Nd7 11. Rc1 c5 12. Qc2 f5 13. Rfd1 Bh4 14. Nxh4 Qxh4 15.
Nf3 Qg4 16. cxd5 exd5 17. dxc5 Rac8 18. Ne5 Nxe5 19. Bxe5 Nxc5 20. Be2 Qg6 21.
Bf3 Ne4 22. Qd3 Qf7 23. g3 Rxc1 24. Rxc1 Nc5 25. Qc3 Rc8 26. b4 axb4 27. axb4
Qe6 28. Qd4 Ne4 29. Rxc8+ Qxc8 30. Qxb6 Ng5 31. Bd1 Nh3+ 32. Kg2 f4 33. Qc7 d4+
34. f3 Qxc7 35. Bxc7 fxe3 36. Kxh3 d3 37. Kg2 Kh8 38. Bb3 d2 39. Bf4 Bd5 40.
Bd1 Bc4 41. Bxe3 1-0

[Event "Albena BUL, Team Ch 2011 GrB Men"]
[Site "Albena BUL"]
[Date "2011.06.03"]
[Round "3.2"]
[White "Tashkov, Rumen"]
[Black "Vasilev, Vasil Aleksandrov"]
[Result "1-0"]
[WhiteElo "2248"]
[BlackElo "2337"]
[PlyCount "77"]
[EventDate "2011.06.02"]
[EventType "team"]
[EventRounds "9"]
[EventCountry "BUL"]

1. d4 Nf6 2. c4 g6 3. Nf3 Bg7 4. g3 O-O 5. Bg2 d6 6. O-O Nc6 7. d5 Na5 8. Qa4
c5 9. Bd2 b6 10. Bc3 e5 11. Nbd2 Bd7 12. Qc2 b5 13. b3 Rb8 14. Ne1 Bh6 15. Nd3
Nh5 16. e3 Re8 17. Rae1 Qb6 18. f4 exf4 19. gxf4 bxc4 20. bxc4 Qa6 21. Ba1 Nb7
22. Bf3 Qa4 23. Qc1 Bg7 24. Bxh5 Bxa1 25. Qxa1 Qc2 26. Nf2 Qxd2 27. Re2 Qb4 28.
Rc1 Na5 29. Qf6 Nxc4 30. Bg4 Ne5 31. fxe5 Bxg4 32. Rec2 Bf5 33. e4 Rxe5 34.
exf5 Rxd5 35. Rc4 Qb2 36. Ng4 Qd2 37. Qh4 Kf8 38. fxg6 h5 39. Qf6 1-0